• 首页
  • 本馆介绍
  • 公告通知
  • 最新文献
  • 馆藏检索
  • 电子资源
  • 读者导购
  • 参考咨询
  • 我的图书馆
  • 登录
  • 详细信息显示
  • 放入我的书架
  • 预约/预借图书
  • 作者相关作品
  • 分类相关作品
  • 丛书相关作品
  • 出版社相关作品

书目信息

  • 表格格式
  • 工作单格式
  • 卡片格式
题名:
农科英才
    
 
作者: 薛亮 主编 ;中国农业科学院 编
分册: 2012版  
出版信息: 北京   中国农业科学技术出版社  2013.05
页数: 438页
开本: 26cm
丛书名:
单 册:
中图分类: K826.3=76
科图分类:
主题词: 农业--科学工作者--生平事迹--中国--现代 , 农业 , 科学工作者
电子资源:
ISBN: 978-7-5116-1201-4
000 00944nam0 2200277 450
001 010040004580
005 20140609153742.23
010    @a978-7-5116-1201-4@dCNY156.00
100    @a20100607d2013 em y0chiy0110 ea
101 0  @achi
102    @aCN@b110000
105    @aac z 000yc
106    @ar
200 1  @a农科英才@9nong ke ying cai@h2012版@f薛亮主编@g中国农业科学院编
210    @a北京@c中国农业科学技术出版社@d2013.05
215    @a438页@c照片,肖像@d26cm
330    @a本书汇集了中国农业科学院部分杰出科研人物的事迹,还有很多的优秀人物没有包括进来,如果放大到全国,更有众多的农业科技英才舍得我们去褒扬。
333    @a科学工作者
606 0  @a农业@x科学工作者@x生平事迹@y中国@z现代
606 0  @a农业
606 0  @a科学工作者
690    @aK826.3=76@v5
701  0 @a薛亮@9xue liang@4主编
712 02 @a中国农业科学院@9zhong guo nong ye ke xue yuan@4编
801  0 @aCN@b人天书店@c20100607
905    @b549844-45@dK826.3=76@e76@f2
    
    农科英才.2012版/薛亮主编/中国农业科学院编.-北京:中国农业科学技术出版社,2013.05
    438页:照片,肖像;26cm
    使用对象:科学工作者
    
    ISBN 978-7-5116-1201-4:CNY156.00
    本书汇集了中国农业科学院部分杰出科研人物的事迹,还有很多的优秀人物没有包括进来,如果放大到全国,更有众多的农业科技英才舍得我们去褒扬。
●
相关链接 在E读中查询图书 在五车中查询图书 在当当中查询图书 在豆瓣中查询图书


正题名:农科英才     索取号:K826.3=76/76         预约/预借

序号 登录号 条形码 馆藏地/架位号 状态 备注
1 549844   205498442   第二样本阅览室/ [索取号:K826.3=76/76] 在馆    
2 549845   205498451   第二借阅区/ [索取号:K826.3=76/76] 在馆    
唐山师范学院图书馆 欢迎您!
大连网信软件有限公司© 版权所有